LEADER 01588nam a2200337 i 4500 001 000000236544 003 CaOOAMICUS 005 20141203000000.0 008 141203s1979 gw u000 u ger u 013 $a215448 020 $a3-491-77522-4 040 $aSeMil$bita 245 14$aDie Macht des Bösen und der Glaube der Kirche /$cherausgegeben von Rudolf Schnackenburg ; Mit Beiträgen von Horst Bürkle ... [et al.]. 260 $aDüsseldorf :$bPatmos,$c1979. 300 $a118 p. ;$c21 cm. 490 0 $aSchriften der Katholischen Akademie in Bayern ;$v89 490 0 $aPatmos Paperbacks 650 4$aBibbia - Male.$0(OLS)http://semarc/subject/18686 650 4$aMale - Teologia.$0(OLS)http://semarc/subject/9198 650 4$aMale - Concezione biblica.$0(OLS)http://semarc/subject/14061 650 4$aDemonio - Storia delle dottrine.$0(OLS)http://semarc/subject/19643 700 1 $aBürkle, Horst.$0(OLS)http://semarc/name/26082 700 1 $aSchnackenburg, Rudolf,$d<1914-2002>.$0(OLS)http://semarc/name/37 830 0$aSchriften der Katholischen Akademie in Bayern ;$v89.$0(OLS)http://semarc/title/10470 830 0$aPatmos Paperbacks.$0(OLS)http://semarc/title/26243 850 $aSeMil 852 $aSeMil$W1$xVenegono$y1$m2D II 317$j186890$B186890$CSeMilBibl$Z2$F198286 $81 961 $aLascito: Serenthà don Mario 996 $6020$a3-491-77522-4$9(OLS)http://semarc/number/241673 996 $6245$aDie Macht des Bösen und der Glaube der Kirche$9(OLS)http://semarc/title/337082 996 $6260$aDüsseldorf :$bPatmos$9(OLS)http://semarc/publisher/30034 LEADER 01430nam a2200325 i 4500 001 000000175950 003 CaOOAMICUS 005 20231213105921.0 008 090121s2003 it u000 u ita u 013 $a153435 020 $a88-10-40744-X 040 $aSeMil$bita 100 1 $aLéon-Dufour, Xavier,$c.$0(OLS)http://semarc/name/986 240 10$aAgir selon l'Evangile.$0(OLS)http://semarc/title/252434 245 10$aAgire secondo il Vangelo /$cXavier Léon-Dufour ; [trad. di Giuseppe Cestari ; ed. italiana a cura di Roberto Mela]. 260 $aBologna :$bEDB,$c2003. 300 $a149 p. ;$c21 cm. 490 0 $aStudi biblici ;$v44 500 $aDono di don Romano Martinelli. 650 4$aBibbia. Nuovo Testamento. Vangeli - Commentari, studi, critica, interpretazioni.$0(OLS)http://semarc/subject/537 700 1 $aMela, Roberto.$0(OLS)http://semarc/name/53673 700 1 $aCestari, Giuseppe.$0(OLS)http://semarc/name/15804 830 0$aStudi biblici ;$v44.$0(OLS)http://semarc/title/438659 850 $aSeMil 852 $aSeMil$W1$xVenegono$y1$m2YA V 44$j264020$B126772$CSeMilBibl$Z2$F138728 $81 961 $aOmaggio: Martinelli don Romano 996 $6020$a88-10-40744-X$9(OLS)http://semarc/number/164355 996 $6245$aAgire secondo il Vangelo$9(OLS)http://semarc/title/252433 996 $6260$aBologna :$bEDB$9(OLS)http://semarc/publisher/29669